| 000 | 00848nam a2200205 a 4500 | ||
|---|---|---|---|
| 001 | 000042205 | ||
| 005 | 20201002040014.0 | ||
| 008 | 131119s2000 sp f 000 0 spa d | ||
| 020 | _a8400078772 | ||
| 040 |
_aDO-SdBNP _bspa _cBNPHU |
||
| 245 | 0 | 0 |
_aSiete Palabras de Cristo en la cruz / _cestudio y edición José Vicente González Valle. |
| 246 | 1 | 0 | _a7 Palabras de Cristo en la cruz |
| 260 |
_aBarcelona : _bConsejo Superior de Investigaciones Científicas, _c2000. |
||
| 300 |
_a1 partitura (118 p.) : _bil., mús. ; _c32 cm. |
||
| 490 | 1 |
_aMonumentos de la música española _v41 |
|
| 504 | _aIncluye referencias bibliográficas y notas al pie de las páginas | ||
| 700 | 1 |
_aGonzález Valle, José Vicente _967437 |
|
| 710 | 2 |
_aConsejo Superior de Investigaciones Científicas _94786 |
|
| 830 | 0 |
_aMonumentos de la música española _v41 _965588 |
|
| 999 |
_c41694 _d41694 |
||